German Generals of World War II As I Saw Them (Record no. 549613)
[ view plain ]
| 000 -LEADER | |
|---|---|
| fixed length control field | 00450nam a22001337a 4500 |
| 082 ## - DEWEY DECIMAL CLASSIFICATION NUMBER | |
| Classification number | 940.5400943 |
| Author Mark | MEL |
| -- | L-30/2, P-33 |
| 100 ## - MAIN ENTRY--PERSONAL NAME | |
| Personal name | Mellenthin von F.W |
| 9 (RLIN) | 46251 |
| 245 ## - TITLE STATEMENT | |
| Title | German Generals of World War II As I Saw Them |
| Statement of responsibility, etc. | Mellenthin von F.W |
| 260 ## - PUBLICATION, DISTRIBUTION, ETC. | |
| Place of publication, distribution, etc. | Oklahoma |
| Name of publisher, distributor, etc. | University of Oklahoma Press |
| Date of publication, distribution, etc. | c1977 |
| 300 ## - PHYSICAL DESCRIPTION | |
| Extent | xix, P 300 |
| Other physical details | ill |
| Dimensions | 16cm |
| 526 ## - STUDY PROGRAM INFORMATION NOTE | |
| Program name | 0 |
| Interest level | 0 |
| Reading level | 0 |
| Title point value | 940_540943000000000_MEL |
| 526 ## - STUDY PROGRAM INFORMATION NOTE | |
| Program name | 0 |
| Interest level | 0 |
| Reading level | 0 |
| Title point value | 940_540943000000000_MEL |
| 942 ## - ADDED ENTRY ELEMENTS (KOHA) | |
| Source of classification or shelving scheme | |
| Koha item type | Book |
| Withdrawn status | Lost status | Source of classification or shelving scheme | Damaged status | Not for loan | Permanent Location | Current Location | Date acquired | Total Checkouts | Full call number | Barcode | Date last seen | Date last checked out | Price effective from | Koha item type |
|---|---|---|---|---|---|---|---|---|---|---|---|---|---|---|
| Military College of Engineering (MCE) | Military College of Engineering (MCE) | 09/30/2014 | 1 | 940.540943 MEL | MCE-6122 | 05/27/2016 | 04/15/2016 | 03/14/2021 | Book | |||||
| Military College of Engineering (MCE) | Military College of Engineering (MCE) | 09/30/2014 | 940.540943 MEL | MCE-6123 | 09/30/2014 | 03/14/2021 | Book |
